Quizzes
Events
Quiz Creation
Community
Videos
Private Events
Remove Ads
Sign In
Join for FREE
Feedback
Dark Mode
Quiz Categories
Sports
Geography
Music
Movies
Television
Just For Fun
Miscellaneous
History
Literature
Language
Science
Gaming
Entertainment
Religion
Holiday
For Kids
Quiz Lab
Recent
Popular Today
Quiz Kudos Today
Editor Picks
Curator Picks
Quizzes by...
Day
Popularity
Type
Ratings
Length
Year
Community
Subscriptions
Recent Discussions
Orange Saloon
Badges
Playlists
Quests
Create
Leaderboards
Showdown
Live 5
Trivia Bingo
Activity
Puzzle Library
Sporcle Events
Private Events
Virtual Trivia
Globe League
Become a Host
Pub Owners
SporcleCon
Opinionation
Our Games
Videos
Blog
Mobile Apps
Partnerships
Remove Ads and Go Orange
Feedback
Television
TV Characters
TV Show
Sitcom
Network
Friends
Reality Shows
Cast
South Park
Star Trek
The Simpsons
Doctor Who
Television
TV Characters
TV Show
Sitcom
Network
Friends
Reality Shows
Cast
South Park
Star Trek
The Simpsons
Doctor Who
Random Quiz
Search Sporcle
×
Quiz Lab
Quiz Lab
Television
Show
Select answers by clicking on text or image buttons
Select answers by clicking on text or image buttons
Clickable
Best Score? Go Orange.
Pick the Are You the One Perfect Matches Stats
Can you pick the MTV show's perfect matches?
By
KevinBabbles
10m
81 Questions
463 Plays
463 Plays
463 Plays
Comments
Comments
Give Quiz Kudos
Give Quiz Kudos
-
- Ratings
hide this ad
Replay
Link that replays current quiz
Next Quiz
Link to next quiz in quiz playlist
You Got
0%
They Got
Avg Score
55%
Avg Friend Score
Upgrade to see
Score Distribution
Jump to the score distribution portion of the page
Score
0/81
Timer
10:00
0
Plays Today
% Correct
Morgan
85.1%
Tevin
84.9%
Devin
84.4%
Asaf
82.5%
Clinton
82.3%
Cameron
82.3%
Hayden
82.3%
Adam
82.1%
Gio
81.8%
Brett
81.5%
Shamoy
81.5%
Eddie
80.2%
Layton
79.9%
Pratt
79.7%
Ethan
77.5%
Shad
76.5%
Zak
76.5%
Derrick
76.3%
Joe
76.2%
Dillan
75.8%
Brandon
75.4%
Nathan
74.9%
Dario
74.3%
Chris Scali
73.9%
Michael
73.8%
Chris T
73.4%
Curtis
72.8%
% Correct
Kwasi
72.7%
Connor
72.6%
Ethan
72.4%
Kareem
71.1%
Prosper
71%
Lewis
71%
Keith
70.7%
Mike
70.6%
Malcolm
70.4%
Wes
70.2%
Tomas
70.2%
Moe
70.2%
Sam
70.1%
Mike
70.1%
Anthony
70.1%
Jonathan
69.7%
Dimitri
68.7%
Tyler
68.4%
Andrew
68.1%
Osvaldo
68%
John
67.6%
Chuck
67.2%
Brandon
67.1%
John
66.9%
Dre
66.7%
Cam
66.4%
Cam
65.5%
% Correct
Stephen
64.8%
Ozzy
64.8%
Anthony
64.6%
Jaylan
64.4%
Zak
64.4%
Hunter
63.7%
Alec
63.5%
Remy
63.2%
Danny
61.8%
Andre
61.6%
Daniel
61.3%
Joey
60.9%
Jenna
60.5%
Austin
60.3%
Nelson
60%
Nour
59.9%
Garland
57.9%
Michael
56.8%
Tyler
56.6%
Alex
55.3%
Max
55.3%
Ryan
54.4%
Tyler
54.3%
John
53.3%
Tyler
53.3%
Joey
53.1%
Justin
52.6%
Quiz Playlist
Details
Report
Send in Message
Add To Playlist
Clickable:
Select answers by clicking on text or image buttons
Last Updated: Jan 28, 2020
Quiz Scoreboard
CHALLENGE
Sign Up to Join the Scoreboard
Show All
Scores
Hide
Comments
May contain spoilers
Recently Published
9x9 Crossword: Cartoon Network
by jackfrog10
Miscellaneous
3m
College Basketball Coaching Resumes
by pancakes188
Sports
9m
Billboard Blitz: Fleetwood Mac
by CooCooCachoo
Music
15s
More to Explore
Quiz From the Vault
Featured Blog Post
Where Did the Easter Bunny Come From?
hide this ad
You Might Also Like...
Tags
Clickable Quiz
Reality Shows Quiz
Show Quiz
MTV
Perfect
Today's Top Quizzes in Television
Browse Television
hide this ad
Today's Top Quizzes in Show
Browse Show
Top Contributed Quizzes in Television
1
5-to-1: The Simpsons Families
2
5-to-1: Television Doctors
3
7-to-1: TV Show Settings
4
Adjectives in 00s TV Shows
5
Adjectives in 80s TV Shows
6
5-to-1: Streaming Originals
7
Adjectives in 10s TV Shows
8
Survivor Seasons
9
One Piece Logic Puzzle
10
All US Survivor Seasons in Order
Explore More
Trending Topics
Disney
Marvel
Anime
NBA
Harry Potter
Crossword
Kpop
The Office
Song
Soccer
Pokémon
Puzzle
NFL
Country
WWE
hide this ad
More By:
KevinBabbles
Quiz
Plays
Rating
Category
Featured
Created
'90s Song Title Slot Machine
57,417
4.20
Music
Aug 23, 2011
Big Brother Contestants Per Letter
5,441
4.50
Television
Sep 5, 2011
Big Brother Showmances
4,561
4.00
Television
Apr 18, 2011
Most Nominated Big Brother USA Contestants
3,420
4.86
Television
Apr 18, 2011
90s Music Slot Machine #3
2,190
3.57
Music
Feb 19, 2012
Go to Creator's Profile
Score Distribution
Quiz Creator Spotlight
KevinBabbles
Follow
Send a Message
Quizzes Created
-
Created Quiz Play Count
-
More By This Creator
Popular Quizzes Today
1
Find the US States - No Outlines Minefield
2
Find the Countries of Europe - No Outlines Minefield
3
The Countries of the World
4
Find the US States
5
Risky Map Clicking: Biggest States A-Z
6
US States
7
Popular People in 1961
8
Movies - When Are They Set?
More Television Quizzes
Acrostic Everybody Loves Raymond
Quiz Lab
Trending Quizzes
Risky Map Clicking: Least Populous States A-Z
1-10 Letter G Words
1-10 Letter F Words
Risky Map Clicking: Next State Alphabetically
Adjectives in 80s TV Shows
Recently Updated
Leaping Animals
pecheneg
Reality TV Shows (A-Z)
bhenderson79
Rickey Henderson's Hall of Fame Teammates
pecheneg
Champions League XIs: Arsenal
pecheneg
Quick Pick: Celebrities in WWE's Hall of Fame
aduchscher
A-Z Keypad Blitz II
pecheneg
Multiple Oscar Actors
pecheneg
Mystery Phrase Blitz: Oscar 'Best Actors'
pecheneg
F. Scott Fitzgerald Novels
LTH
Pick 3 Villains
ddd62291
Trending Topics
Disney
Crossword
NBA
Anime
Kpop
Harry Potter
Marvel
Soccer
NFL
Pokémon
The Office
Country
Song
Puzzle
WWE
Your Account Isn't Verified!
In order to create a playlist on Sporcle, you need to verify the email address you used during registration. Go to your
Sporcle Settings
to finish the process.
Report this User
Report this user for behavior that violates our
Community Guidelines
.
Details:
Send Report
Go to the Sporcle.com Mobile Site →
Comments